000 01175cam a2200301 a 4500
001 7565
003 BD-RjUL
005 20211208234435.0
008 150114s1996 nyua b 001 0 eng
020 _a0387946888 (hardcover : alk. paper)
035 _a(BD-RjUL)7609
040 _aDLC
_cDLC
_dDLC
_dBD-RjUL
_beng
041 _aeng
082 0 0 _a519.542
_220
_bTAT 1996
100 1 _aTanner, Martin Abba,
_d1957-
_923600
245 1 0 _aTools for statistical inference :
_bmethods for the exploration of posterior distributions and likelihood functions /
_cMartin A. Tanner.
250 _a3rd ed.
260 _aNew York :
_bSpringer,
_cc1996.
300 _aviii, 207 p. :
_bill. ;
_c24 cm.
504 _aIncludes bibliographical references (p. 193-201) and index.
650 0 _aBayesian statistical decision theory.
_923602
650 0 _aMathematical statistics.
_923603
856 4 2 _3Publisher description
_uhttp://www.loc.gov/catdir/enhancements/fy0812/96010784-d.html
856 4 1 _3Table of contents only
_uhttp://www.loc.gov/catdir/enhancements/fy0812/96010784-t.html
942 _2ddc
_cBK
999 _c7565
_d7565